| 000 | 01340nam a2200265Ia 4500 | ||
|---|---|---|---|
| 003 | Ost | ||
| 005 | 20260507075305.0 | ||
| 008 | 260507s9999||||xx |||||||||||||| ||und|| | ||
| 020 | _a25271199579 | ||
| 040 | _cfsecg | ||
| 041 | _aara | ||
| 082 | _a330 | ||
| 100 |
_aدرة، عبد الباري ابراهيم _eمؤلف |
||
| 245 | 0 |
_aالأساسيات في الإدارة المعاصرة : _bمنحى نظامي / _c عبد الباري ابراهيم درة |
|
| 250 | _aطبعة 2 | ||
| 260 |
_aعمان: _bدار وائل, _c2012 |
||
| 300 |
_a364 صفحة؛ _bإيضاحات ؛ _c24 سم |
||
| 504 | _aقائمة الأشكال ص.15 | ||
| 520 | _aتحديد المفاهيم الاساسية للادارة ، مجالات حقل الادارة المعاصرة و تطور الفكر الاداري : المدارس الكلاسيكية و السلوكية و المدارس و الاتجاهات المعاصرة ، المنحى النظامي للادارة و التطرق الى التخطيط ، التنظيم ، التوجيه ، الرقابة و الاتصال ، و أخيرا حل المشكلات و اتخاذ القرارات. | ||
| 653 | _aالادارة | ||
| 653 | _aالتخطيط | ||
| 653 | _aالرقابة | ||
| 700 |
_a جودة، محفوظ أحمد _eمؤلف ثانوي |
||
| 942 | _cكتاب | ||
| 999 |
_c43811 _d43811 |
||